ბათუმის შოთა რუსთაველის სახელმწიფო უნივერსიტეტის ბიბლიოთეკა

Europe recast : (ბიბ.ჩანაწერი № 57948)

000 -LEADER
fixed length control field 00703cam a2200217 i 4500
001 - CONTROL NUMBER
control field 18117548
005 - DATE AND TIME OF LATEST TRANSACTION
control field 20221111163833.0
008 - FIXED-LENGTH DATA ELEMENTS--GENERAL INFORMATION
fixed length control field 140416s2014 coub b 001 0 eng
020 ## - INTERNATIONAL STANDARD BOOK NUMBER
International Standard Book Number 9781626370715x
041 ## - LANGUAGE CODE
Language code of text/sound track or separate title eng
080 ## - UNIVERSAL DECIMAL CLASSIFICATION NUMBER
Universal Decimal Classification number 341.1 D-59
100 1# - MAIN ENTRY--PERSONAL NAME
Personal name Dinan, Desmond,
Dates associated with a name
9 (RLIN) 11124
245 10 - TITLE STATEMENT
Title Europe recast :
Remainder of title a history of European Union /
Statement of responsibility, etc. Desmond Dinan.
250 ## - EDITION STATEMENT
Edition statement 2nd edition.
264 #1 - PRODUCTION, PUBLICATION, DISTRIBUTION, MANUFACTURE, AND COPYRIGHT NOTICE
Place of production, publication, distribution, manufacture Boulder, Colorado :
Name of producer, publisher, distributor, manufacturer Lynne Rienner Publishers, Inc.,
Date of production, publication, distribution, manufacture, or copyright notice 2014.
300 ## - PHYSICAL DESCRIPTION
Extent 411 pages :
Other physical details maps ;
Dimensions 23 cm.
504 ## - BIBLIOGRAPHY, ETC. NOTE
Bibliography, etc. note Includes bibliographical references and index.
653 ## - INDEX TERM--UNCONTROLLED
keyword ევროკავშირის ისტორია
653 ## - INDEX TERM--UNCONTROLLED
keyword ევროპა
942 ## - ADDED ENTRY ELEMENTS (KOHA)
Source of classification or shelving scheme
Koha item type წიგნი
ეგზემპლარები
Withdrawn status Lost status Source of classification or shelving scheme Damaged status Not for loan Permanent Location Current Location Shelving location Date acquired Cost, normal purchase price Full call number Barcode Date last seen Copy number Price effective from Koha item type Public note
          ბათუმის შოთა რუსთაველის სახელმწიფო უნივერსიტეტის მთავარი ბიბლიოთეკა ბათუმის შოთა რუსთაველის სახელმწიფო უნივერსიტეტის მთავარი ბიბლიოთეკა წიგნსაცავი 2021-04-07 102.00 341.1 D-59 54138 2021-04-07 54138 2021-04-07 წიგნი 102.00 GEL.
          ბათუმის შოთა რუსთაველის სახელმწიფო უნივერსიტეტის მთავარი ბიბლიოთეკა ბათუმის შოთა რუსთაველის სახელმწიფო უნივერსიტეტის მთავარი ბიბლიოთეკა წიგნსაცავი 2021-04-07 102.00 341.1 D-59 54139 2021-04-07 54139 2021-04-07 წიგნი 102.00 GEL.